<?xml version="1.0" encoding="UTF-8"?><?xml-stylesheet type="text/xsl" href="static/style.xsl"?><OAI-PMH xmlns="http://www.openarchives.org/OAI/2.0/" xmlns:xsi="http://www.w3.org/2001/XMLSchema-instance" xsi:schemaLocation="http://www.openarchives.org/OAI/2.0/ http://www.openarchives.org/OAI/2.0/OAI-PMH.xsd"><responseDate>2026-04-14T03:49:25Z</responseDate><request verb="GetRecord" identifier="oai:www.recercat.cat:20.500.12328/1149" metadataPrefix="marc">https://recercat.cat/oai/request</request><GetRecord><record><header><identifier>oai:recercat.cat:20.500.12328/1149</identifier><datestamp>2025-05-19T18:44:47Z</datestamp><setSpec>com_2072_67741</setSpec><setSpec>col_2072_484353</setSpec></header><metadata><record xmlns="http://www.loc.gov/MARC21/slim" xmlns:dcterms="http://purl.org/dc/terms/" xmlns:xsi="http://www.w3.org/2001/XMLSchema-instance" xmlns:doc="http://www.lyncode.com/xoai" xsi:schemaLocation="http://www.loc.gov/MARC21/slim http://www.loc.gov/standards/marcxml/schema/MARC21slim.xsd">
   <leader>00925njm 22002777a 4500</leader>
   <datafield ind2=" " ind1=" " tag="042">
      <subfield code="a">dc</subfield>
   </datafield>
   <datafield ind2=" " ind1=" " tag="720">
      <subfield code="a">Albareda-Tiana, Silvia</subfield>
      <subfield code="e">author</subfield>
   </datafield>
   <datafield ind2=" " ind1=" " tag="720">
      <subfield code="a">Fernández Morilla, Mónica</subfield>
      <subfield code="e">author</subfield>
   </datafield>
   <datafield ind2=" " ind1=" " tag="260">
      <subfield code="c">2016-06-01</subfield>
   </datafield>
   <datafield ind2=" " ind1=" " tag="520">
      <subfield code="a">La Cumbre Mundial de Desarrollo Sostenible Rio +20 (UN, 2012) y la Agenda 2030 para&#xd;
el Desarrollo Sostenible (UN, 2015) proponen revisar los patrones de producción y de&#xd;
consumo como estrategia que contribuya a la reducción de la pobreza y el hambre. En&#xd;
el 6ª Taller transversal de sostenibilidad realizado en la Universitat Internacional de&#xd;
Catalunya (UIC) el 19 de marzo de 2015, se propuso analizar si es posible consumir de&#xd;
una forma responsable y sostenible sin perder la calidad de vida. El realizar un taller de&#xd;
consumo sostenible abierto simultáneamente a toda la comunidad universitaria ha&#xd;
resultado un escenario óptimo para trabajar la sostenibilidad de forma transversal en la&#xd;
universidad y para que estudiantes del grado de Educación Primaria compartan ideas y&#xd;
experiencias sobre por qué y cómo se puede tener un consumo sostenible en la&#xd;
alimentación, los bienes y servicios y la energía.</subfield>
   </datafield>
   <datafield ind1="8" ind2=" " tag="024">
      <subfield code="a">Albareda-Tiana, Silvia; Fernández Morilla, Mónica. «Taller transversal de sostenibilidad: Consumo sostenible». Observatorio de la Cooperación Universitaria al Desarrollo, 2016. Disponible en: &lt;http://www.ocud.es/es/pl61/recursos/id2101/articulo-cj-taller-transversal-de-sostenibilidad-consumo-sostenible.htm>. Fecha de acceso: 10 jul. 2019</subfield>
   </datafield>
   <datafield ind1="8" ind2=" " tag="024">
      <subfield code="a">http://hdl.handle.net/20.500.12328/1149</subfield>
   </datafield>
   <datafield tag="653" ind2=" " ind1=" ">
      <subfield code="a">Desenvolupament sostenible</subfield>
   </datafield>
   <datafield tag="653" ind2=" " ind1=" ">
      <subfield code="a">Desarrollo sostenible</subfield>
   </datafield>
   <datafield tag="653" ind2=" " ind1=" ">
      <subfield code="a">Sustainable development</subfield>
   </datafield>
   <datafield tag="653" ind2=" " ind1=" ">
      <subfield code="a">Universidades</subfield>
   </datafield>
   <datafield tag="653" ind2=" " ind1=" ">
      <subfield code="a">Universitats</subfield>
   </datafield>
   <datafield tag="653" ind2=" " ind1=" ">
      <subfield code="a">Universities and colleges</subfield>
   </datafield>
   <datafield tag="653" ind2=" " ind1=" ">
      <subfield code="a">Educació</subfield>
   </datafield>
   <datafield tag="653" ind2=" " ind1=" ">
      <subfield code="a">Education</subfield>
   </datafield>
   <datafield tag="653" ind2=" " ind1=" ">
      <subfield code="a">Educación</subfield>
   </datafield>
   <datafield ind2="0" ind1="0" tag="245">
      <subfield code="a">Taller transversal de sostenibilidad: Consumo sostenible</subfield>
   </datafield>
</record></metadata></record></GetRecord></OAI-PMH>